Soft Computing : Integrating Evolutionary, Neural, and Fuzzy Systems /

Contenido: Algoritmos evolutivos; Redes neuronales artificiales; Sistemas difusos; Diseño evolutivo de redes neuronales artificiales; Diseño evolutivo de sistemas difusos; Sistemas neuro-difusos; Algoritmos evolutivos difusos; Cómputo paralelo natural (suave).

Guardado en:
Bibliografiske detaljer
Hovedforfatter: Tettamanzi, Andrea (autor)
Andre forfattere: Tomassini, Marco (autor) (autor)
Format: Bog
Sprog:engelsk
Udgivet: Berlín, Alemania : Springer, 2001, c2001
Fag:
Tags: Tilføj Tag
Ingen Tags, Vær først til at tagge denne postø!

MARC

LEADER 00000nam^a2200000^a^4500
001 000146492
005 20250521000000.0
009 20260310095911.838
020 |a 3-540-42204-8 
037 |a Acervo ITESO - Biblioteca 
041 |a ING 
082 |a 006. 3  |b TET 
100 |a Tettamanzi, Andrea  |e (autor) 
245 1 0 |a Soft Computing :  |b Integrating Evolutionary, Neural, and Fuzzy Systems /  |c A. Tettamanzi, M. Tomassini. 
264 4 |a Berlín, Alemania :  |b Springer,  |c 2001, c2001 
300 |a XIII, 328 p. 
336 |a texto  |b txt  |2 rdacontenido 
337 |a sin mediación  |b n  |2 rdamedio 
338 |a volumen  |b nc  |2 rdasoporte 
520 |a Contenido: Algoritmos evolutivos; Redes neuronales artificiales; Sistemas difusos; Diseño evolutivo de redes neuronales artificiales; Diseño evolutivo de sistemas difusos; Sistemas neuro-difusos; Algoritmos evolutivos difusos; Cómputo paralelo natural (suave). 
649 |a XX 
650 |a Sistemas Expertos 
650 |a Redes Neurales 
650 |a Lógica Difusa 
650 |a Sistemas Difusos 
650 |a Algoritmos Genéticos 
650 |a Análisis Numérico 
650 |a Programación (Matemáticas) 
650 |a Matemáticas de Ingeniería 
650 |a Inteligencia Artificial 
650 |a Soft Computing 
650 |a Ingeniería Computacional 
700 |a Tomassini, Marco  |e (autor) 
910 |a Fondo General 
920 |a Impresos - Libros 
930 |a Colección General 
905 |a 101 
901 |a 0500075867  |b IT1  |c ACC  |u 20250521 
902 |a https://opac.biblio.iteso.mx/vufind/Record/000146492